Science Quiz

Random Science or Discovery Quiz

Who Was President When...? [Elements Edition] Quiz Stats

 Plays Quiz not verified by Sporcle

Score 0/46 Timer 08:00
0 Plays Today
Chemical Element President % Correct
???
100%
Strontium???
61.1%
Rhodium, Palladium, Cerium, Osmium, and Iridium???
50%
Boron ???
50%
Francium???
50%
Astatine, Neptunium, Plutonium???
50%
Mendelevium???
50%
Ytterbium???
38.9%
Neon, Krypton, Xenon, Polonium, and Radium???
38.9%
Berkelium???
38.9%
Sodium and Potassium???
33.3%
Titanium???
33.3%
Indium???
33.3%
Zinc???
33.3%
Californium???
33.3%
Rutherfordium???
33.3%
Darmstadtium and Roentgenium???
33.3%
Copernicium???
33.3%
Scandium???
27.8%
Iodine???
27.8%
Erbium???
27.8%
Actinium???
27.8%
Lutetium???
27.8%
Chemical Element President % Correct
Americium, Curium???
27.8%
Meitnerium???
27.8%
Hassium???
27.8%
Tantalum???
22.2%
Fluorine, Germanium, Gallium, and Dysprosium???
22.2%
Nobelium???
22.2%
Livermorium???
22.2%
Yttrium???
16.7%
Silicon???
16.7%
Selenium???
16.7%
Terbium???
16.7%
Holmium???
16.7%
Calcium, Samarium, and Thulium???
16.7%
Technetium???
16.7%
Dubnium???
16.7%
Lanthanum???
11.1%
Einsteinium, Fermium???
11.1%
Ruthenium???
5.6%
Argon???
5.6%
Cesium???
0%
Gadolinium???
0%
Radon???
0%
Rhenium???
0%

You're not logged in!

Compare scores with friends on all Sporcle quizzes.
OR
Log In

You Might Also Like...

Show Comments

Extras

Top Quizzes Today


Score Distribution

Your Account Isn't Verified!

In order to create a playlist on Sporcle, you need to verify the email address you used during registration. Go to your Sporcle Settings to finish the process.

Report this User

Report this user for behavior that violates our Community Guidelines.

Details: